| 000 | 00732nac a22002297a 4500 | ||
|---|---|---|---|
| 001 | BR6005119 | ||
| 003 | BR-BrBNA | ||
| 005 | 20240702124457.0 | ||
| 008 | 230509b bl.|||m| |||| 00| 0 por d | ||
| 040 |
_aBR-BrBNA _bpor |
||
| 072 | _aC00; E50 | ||
| 090 |
_aC00 _bBR6005119 |
||
| 110 | 1 |
_aAssociação Nordestina de Credito e Assistência Rural de Pernambuco _9695 |
|
| 245 | 1 | _aRelatório de atividades 1974 / | |
| 260 | 3 |
_aRecife, PE (Brasil): _c1975. |
|
| 300 | _a55 p. | ||
| 490 | _aRelatorio - Associacao Nordestina de Credito e Assistencia Rural de Pernambuco (Brazil) | ||
| 650 | _aASSISTENCIA TECNICA | ||
| 650 | _aPERNAMBUCO | ||
| 909 |
_a07/2024 _bSARAH |
||
| 942 | _cMS | ||
| 999 |
_c261966 _d261966 |
||